000 00389nam a2200157Ia 4500
003 GCL
008 140319s9999 xx 000 0 eng d
040 _aGCL /
_cGCL
082 0 4 _a677.21
_bA C
100 1 _aASPIN, CHRIS
245 1 0 _aTHE COTTON INDUSTRY /
_cASPIN, CHRIS
260 _a[S.N] :
_bSHIRE PUBLICATIONS LTD
300 _a31 P
650 0 4 _aCOTTON, INDUSTRY
942 _2ddc
_cBK
999 _c21276
_d21276